Debussy

Gespeichert in:
Bibliographische Detailangaben
1. Verfasser: Lockspeiser, Edward (autor)
Format: Buch
Sprache:Spanisch
Veröffentlicht: Buenos Aires Schapire 1959
Schriftenreihe:Colección los Grandes Músicos
Schlagworte:
Tags: Tag hinzufügen
Keine Tags, Fügen Sie den ersten Tag hinzu!

MARC

LEADER 00000nam a2200000 a 4500
001 UCN1274
003 CL-VaPUC
008 010420e19590000AG |||||||||||||||||spa|d
082 0 4 |a 780.92  |b LOC  |2 21 
100 |a Lockspeiser, Edward  |e autor  |9 456801 
245 1 0 |a Debussy 
300 |a 284 p 
942 |c BK 
945 |d 20010420 00:00:00  |a crobeson 
260 |a Buenos Aires  |b Schapire  |c 1959 
600 0 |a Debussy, Claude  |9 267200 
650 0 |a Compositores franceses  |9 328980 
583 |a last modification  |c 20010420 00:00:00  |k Rodrigo Vera 
490 0 |a Colección los Grandes Músicos 
999 |c 294849  |d 294847 
952 |0 0  |1 0  |4 0  |6 780_920000000000000_LOC_1959  |7 0  |8 A  |9 347589  |a BIBEDU  |b BIBEDU  |d 2019-11-20  |i 1180118  |o 780.92 LOC 1959  |p 1180118  |r 2023-01-12  |w 2019-11-20  |y BK  |k MUS